| 000 | 00452nam a22001697a 4500 | ||
|---|---|---|---|
| 003 | NUST | ||
| 020 | _a 8120329759 | ||
| 038 | _aKhadija | ||
| 082 |
_a660.6 _bTAN |
||
| 100 |
_aInamdar, Syed Tanveer Ahmed _986397 |
||
| 245 |
_aBiomechanical Engineering Principle and Concepts / _cSyed Tanveer Ahmed Inamdar |
||
| 260 |
_aNew Delhi : _bPHI Learning, _c2007. |
||
| 300 |
_a280 p. ; _b24 cm. |
||
| 500 | _aPaperback. | ||
| 563 | _aPB | ||
| 942 |
_cBK _2ddc |
||
| 999 |
_c33851 _d33851 |
||